000 00414nam a2200169Ia 4500
008 221030s9999 xx 000 0 und d
020 _a8185502315
041 _aEnglish
082 _a105.23
_bLee
100 _aM. Lee Sang
245 0 _aOperations Management
260 _bAll India Pub. & Distributers
_aChennai
_c1997
300 _a878
650 _aManagement
700 _aMarc J. Schniederjans
942 _cBK
999 _c327
_d327